Patrologiae Cursus Completus

Saved in:
Bibliografiske detaljer
Hovedforfatter: Migne, Jacques-Paul (autor)
Format: Bog
Sprog:latin
Udgivet: París Excudebatur et Venit Apud 1855
Udgivelse:1a. ed
Fag:
Tags: Tilføj Tag
Ingen Tags, Vær først til at tagge denne postø!

MARC

LEADER 00000cam a2200000 a 4500
001 UCD2120
003 CL-VaPUC
008 160414e18550000fr |||||||||||||||||lat|d
082 0 4 |a 270  |b MIG  |2 21 
100 |a Migne, Jacques-Paul  |e autor  |9 585378 
245 1 0 |a Patrologiae Cursus Completus 
250 |a 1a. ed 
300 |a t 
942 |c BK 
945 |d 20160414 22:20:00  |a dcastane 
260 |a París  |b Excudebatur et Venit Apud  |c 1855 
500 |a t.198: siglo 12. Adami Scoti Opera Omnia 
500 |a t.199: siglo 12. Joannis Saresberiensis.Opera Omnia 
500 |a t.200: siglo 12. Alexandri III Romani pontificis. Opera Omnia 
500 |a t.201: siglo 12. Arnulfi Lexoviensis Episcopi. Opera Omnia 
500 |a t.202: siglo 12. Petri Cellensis Urbani III.Gregorii VIII. Opera Omnia 
500 |a t.203: siglo 12. D. Philippi Abbatis Bonae Spei. Opera Omnia 
500 |a t.204: siglo 12. Clementis III Pontificis Romani Scripta quae Supersunt 
500 |a t.205: siglo 12. Petri Cantoris Verbum Abbreviatum. Scripta quae Supersunt 
500 |a t.206: siglo 12. Coelestini III. Thomae Cisterciensis Monachi. Commentarium in Cantica 
500 |a t.207: siglo 12. Petri Blesensis. Opera Omnia 
500 |a t.208: siglo 13. Sancti Martini Legionensis. Opera Omnia. vol.1 
500 |a t.209: siglo 13. Sanctorum Martini Legionensis. Opera Omnia. vol.2 
500 |a t.210: siglo 13. Alani de Insulis Doctoris universalis. Opera Omnia 
500 |a t.211: siglo 13. Stephani Episcopi Tornacensis Espistolae 
500 |a t.212: siglo 12. Helinandi Guntheri Cisterciensis. Opera Omnia 
500 |a t.213: siglo 13. Sicardi Cremonensis Episcopi 
500 |a t.214: siglo 13. Innocentii III. Opera Omnia. vol.1 
500 |a t.215: siglo 13. Innocentii III. Opera Omnia. vol.2 
500 |a t.216: siglo 13. Innocentii III. Opera Omnia. vol.3 
500 |a t.217: siglo 13. Innocentii III. Opera Omnia. vol.4 
500 |a t.218: Indices genrales simul et speciales Patrologiae Latinae.vol.1 
500 |a t.219: Indices genrales simul et speciales Patrologiae Latinae.vol.2 
500 |a t.220: Indices genrales simul et speciales Patrologiae Latinae.vol.3 
500 |a t.221: Indices genrales simul et speciales Patrologiae Latinae.vol.4 
600 0 7 |a ADAMUS SCOTUS  |2 CL-VaPUC  |9 558922 
600 0 7 |a ALEJANDRO III  |2 CL-VaPUC  |9 444071 
600 0 7 |a GUILLERMO DE TIRO  |2 CL-VaPUC  |9 558925 
600 0 7 |a PEDRO DE CELLE  |2 CL-VaPUC  |9 558926 
600 0 7 |a URBANO III  |2 CL-VaPUC  |9 558927 
600 0 7 |a GREGORIO VIII  |2 CL-VaPUC  |9 558928 
600 0 7 |a CLEMENTE III  |2 CL-VaPUC  |9 558930 
600 0 7 |a CELESTINO III  |2 CL-VaPUC  |9 558932 
600 0 7 |a PEDRO DE BLOIS  |2 CL-VaPUC  |9 558933 
600 0 7 |a SAN MARTIN DE LEON  |2 CL-VaPUC  |9 558934 
600 0 7 |a STEFANO  |2 CL-VaPUC  |9 349702 
600 0 7 |a SICARDO DE CREMONA  |2 CL-VaPUC  |9 558938 
600 0 7 |a INOCENCIO III  |2 CL-VaPUC  |9 400944 
650 0 |a Patrología  |9 349346 
650 0 |a Padres de la Iglesia  |9 313352 
583 |a last modification  |c 20160414 22:20:00  |k Rodrigo Vera 
999 |c 363315  |d 363313 
952 |0 0  |1 0  |3 erd  |4 0  |6 270_000000000000000_MIG_1855  |7 0  |8 X  |9 475428  |a BIBTEO  |b BIBTEO  |h t.198  |i 5223172  |o 270 MIG 1855  |p 5223172  |r 2024-01-18  |w 2019-11-24  |y BK_X  |z Catalogado en:20160414  |k OFM 
952 |0 0  |1 0  |3 erd  |4 0  |6 270_000000000000000_MIG_1855  |7 0  |8 X  |9 475429  |a BIBTEO  |b BIBTEO  |h t.199  |i 5223180  |o 270 MIG 1855  |p 5223180  |r 2024-01-18  |w 2019-11-24  |y BK_X  |z Catalogado en:20160414  |k OFM 
952 |0 0  |1 0  |3 erd  |4 0  |6 270_000000000000000_MIG_1855  |7 0  |8 X  |9 475430  |a BIBTEO  |b BIBTEO  |h t.200  |i 5223199  |o 270 MIG 1855  |p 5223199  |r 2024-01-18  |w 2019-11-24  |y BK_X  |z Catalogado en:20160414  |k OFM 
952 |0 0  |1 0  |3 erd  |4 0  |6 270_000000000000000_MIG_1855  |7 0  |8 X  |9 475431  |a BIBTEO  |b BIBTEO  |h t.201  |i 5223202  |o 270 MIG 1855  |p 5223202  |r 2024-01-18  |w 2019-11-24  |y BK_X  |z Catalogado en:20160414  |k OFM 
952 |0 0  |1 0  |3 erd  |4 0  |6 270_000000000000000_MIG_1855  |7 0  |8 X  |9 475432  |a BIBTEO  |b BIBTEO  |h t.202  |i 5223210  |o 270 MIG 1855  |p 5223210  |r 2024-01-18  |w 2019-11-24  |y BK_X  |z Catalogado en:20160414  |k OFM 
952 |0 0  |1 0  |3 erd  |4 0  |6 270_000000000000000_MIG_1855  |7 0  |8 X  |9 475433  |a BIBTEO  |b BIBTEO  |h t.203  |i 5223229  |o 270 MIG 1855  |p 5223229  |r 2024-01-18  |w 2019-11-24  |y BK_X  |z Catalogado en:20160414  |k OFM 
952 |0 0  |1 0  |3 erd  |4 0  |6 270_000000000000000_MIG_1855  |7 0  |8 X  |9 475434  |a BIBTEO  |b BIBTEO  |h t.204  |i 5223237  |o 270 MIG 1855  |p 5223237  |r 2024-01-18  |w 2019-11-24  |y BK_X  |z Catalogado en:20160414  |k OFM 
952 |0 0  |1 0  |3 erd  |4 0  |6 270_000000000000000_MIG_1855  |7 0  |8 X  |9 475435  |a BIBTEO  |b BIBTEO  |h t.205  |i 5223245  |o 270 MIG 1855  |p 5223245  |r 2024-01-18  |w 2019-11-24  |y BK_X  |z Catalogado en:20160414  |k OFM 
952 |0 0  |1 0  |3 erd  |4 0  |6 270_000000000000000_MIG_1855  |7 0  |8 X  |9 475436  |a BIBTEO  |b BIBTEO  |h t.206  |i 5223253  |o 270 MIG 1855  |p 5223253  |r 2024-01-18  |w 2019-11-24  |y BK_X  |z Catalogado en:20160414  |k OFM 
952 |0 0  |1 0  |3 erd  |4 0  |6 270_000000000000000_MIG_1855  |7 0  |8 X  |9 475437  |a BIBTEO  |b BIBTEO  |h t.207  |i 5223261  |o 270 MIG 1855  |p 5223261  |r 2024-01-18  |w 2019-11-24  |y BK_X  |z Catalogado en:20160414  |k OFM 
952 |0 0  |1 0  |3 erd  |4 0  |6 270_000000000000000_MIG_1855  |7 0  |8 X  |9 475438  |a BIBTEO  |b BIBTEO  |h t.208  |i 522327K  |o 270 MIG 1855  |p 522327K  |r 2024-01-18  |w 2019-11-24  |y BK_X  |z Catalogado en:20160414  |k OFM 
952 |0 0  |1 0  |3 erd  |4 0  |6 270_000000000000000_MIG_1855  |7 0  |8 X  |9 475439  |a BIBTEO  |b BIBTEO  |h t.209  |i 5223288  |o 270 MIG 1855  |p 5223288  |r 2024-01-18  |w 2019-11-24  |y BK_X  |z Catalogado en:20160414  |k OFM 
952 |0 0  |1 0  |3 erd  |4 0  |6 270_000000000000000_MIG_1855  |7 0  |8 X  |9 475440  |a BIBTEO  |b BIBTEO  |h t.210  |i 5223296  |o 270 MIG 1855  |p 5223296  |r 2024-01-18  |w 2019-11-24  |y BK_X  |z Catalogado en:20160414  |k OFM 
952 |0 0  |1 0  |3 erd  |4 0  |6 270_000000000000000_MIG_1855  |7 0  |8 X  |9 475441  |a BIBTEO  |b BIBTEO  |h t.211  |i 522330K  |o 270 MIG 1855  |p 522330K  |r 2024-01-18  |w 2019-11-24  |y BK_X  |z Catalogado en:20160414  |k OFM 
952 |0 0  |1 0  |3 erd  |4 0  |6 270_000000000000000_MIG_1855  |7 0  |8 X  |9 475442  |a BIBTEO  |b BIBTEO  |h t.212  |i 5223318  |o 270 MIG 1855  |p 5223318  |r 2024-01-18  |w 2019-11-24  |y BK_X  |z Catalogado en:20160414  |k OFM 
952 |0 0  |1 0  |3 erd  |4 0  |6 270_000000000000000_MIG_1855  |7 0  |8 X  |9 475443  |a BIBTEO  |b BIBTEO  |h t.213  |i 5223326  |o 270 MIG 1855  |p 5223326  |r 2024-01-18  |w 2019-11-24  |y BK_X  |z Catalogado en:20160414  |k OFM 
952 |0 0  |1 0  |3 erd  |4 0  |6 270_000000000000000_MIG_1855  |7 0  |8 X  |9 475444  |a BIBTEO  |b BIBTEO  |h t.214  |i 5223334  |o 270 MIG 1855  |p 5223334  |r 2024-01-18  |w 2019-11-24  |y BK_X  |z Catalogado en:20160414  |k OFM 
952 |0 0  |1 0  |3 erd  |4 0  |6 270_000000000000000_MIG_1855  |7 0  |8 X  |9 475445  |a BIBTEO  |b BIBTEO  |h t.215  |i 5223342  |o 270 MIG 1855  |p 5223342  |r 2024-01-18  |w 2019-11-24  |y BK_X  |z Catalogado en:20160414  |k OFM 
952 |0 0  |1 0  |3 erd  |4 0  |6 270_000000000000000_MIG_1855  |7 0  |8 X  |9 475446  |a BIBTEO  |b BIBTEO  |h t.216  |i 5223350  |o 270 MIG 1855  |p 5223350  |r 2024-01-18  |w 2019-11-24  |y BK_X  |z Catalogado en:20160414  |k OFM 
952 |0 0  |1 0  |3 erd  |4 0  |6 270_000000000000000_MIG_1855  |7 0  |8 X  |9 475447  |a BIBTEO  |b BIBTEO  |h t.217  |i 5223369  |o 270 MIG 1855  |p 5223369  |r 2024-01-18  |w 2019-11-24  |y BK_X  |z Catalogado en:20160414  |k OFM 
952 |0 0  |1 0  |3 erd  |4 0  |6 270_000000000000000_MIG_1855  |7 0  |8 X  |9 475448  |a BIBTEO  |b BIBTEO  |h t.218  |i 5223377  |o 270 MIG 1855  |p 5223377  |r 2024-01-18  |w 2019-11-24  |y BK_X  |z Catalogado en:20160414  |k OFM 
952 |0 0  |1 0  |3 erd  |4 0  |6 270_000000000000000_MIG_1855  |7 0  |8 X  |9 475449  |a BIBTEO  |b BIBTEO  |h t.219  |i 5223385  |o 270 MIG 1855  |p 5223385  |r 2024-01-18  |w 2019-11-24  |y BK_X  |z Catalogado en:20160414  |k OFM 
952 |0 0  |1 0  |3 erd  |4 0  |6 270_000000000000000_MIG_1855  |7 0  |8 X  |9 475450  |a BIBTEO  |b BIBTEO  |h t.220  |i 5279151  |o 270 MIG 1855  |p 5279151  |r 2024-01-18  |w 2019-11-24  |y BK_X  |z Catalogado en:20160414  |k OFM 
952 |0 0  |1 0  |3 erd  |4 0  |6 270_000000000000000_MIG_1855  |7 0  |8 X  |9 475451  |a BIBTEO  |b BIBTEO  |h t.221  |i 527916K  |o 270 MIG 1855  |p 527916K  |r 2024-01-18  |w 2019-11-24  |y BK_X  |z Catalogado en:20160414  |k OFM